000 01789cam a22004574i 4500
003 PE-LiUPU
005 20250731173249.0
008 150625s r 000 0 d
020 _a8425411394
035 _a(Sirsi) i9788425411397
040 _aPE-LiUPU
_bspa
_cPE-LiUPU
_erda
049 _aPRUA
082 0 4 _a242
_bO63
_221
100 1 _aOrdóñez, Valeriano,
_d1924-2003,
_eautor.
245 1 4 _aLos Santos, Noticia Diaria /
_cValeriano Ordoñez.
250 _a3a
264 1 _aBarelona :
_bHerder,
_c1980.
300 _a479 páginas ;
_c18 centímetros
336 _atext
_2rdacontent
337 _aunmediated
_2rdamedia
338 _avolume
_2rdacarrier
505 0 _aCada día, como una primera noticia. -Enero: Siempre nueva Epifania. -Febrero: Ceniza leve. -Marzo: Cuaresma de cruz y gracia. -Abril: Aleluya de pascua. -Mayo: Pentecostes con Maria. -Junio: Corazón abierto. -Julio: A pleno sol de Dios. -Agosto: Asunción radiante. -Setiembre: Cruz exaltada. -Octubre: Rosario del evangelio. -Noviembre: Por la muerte al triunfo. -Diciembre: Adviento y esperanza de una eterna naviadad.
526 _aSEG42
526 _aSEG41
526 _aSEG40
526 _aSEG39
526 _aP94
526 _aP87
526 _aP86
526 _aP85
526 _aP77
526 _aP76
526 _aP35
650 0 4 _aSantos
_vBiografías.
942 _2ddc
_cBOOK
949 _a242 O63
_wDEWEY
_c1
_i37263
_lCCODEBUL1
_mBUL
_r0
_sY
_tBOOK
_u2015-6-25
_xTEOLOGIA
_zUNKNOWN
_0COMPRA
_o.STAFF. Colección General
994 _aC0
_bPEPRU
596 _a1
999 _a242 O63
_wDEWEY
_c43497
_i37263
_f2021-11-11
_g5
_lCCODEBUL1
_mBUL
_r0
_sY
_tBOOK
_u2015-6-25
_xTEOLOGIA
_zUNKNOWN
_0COMPRA
_o.STAFF. Colección General
_d43497
980 _81
_gALBERTO SANCHEZ Responsable de Automatización